التقويم والقياس النفسي والتربوي / (رقم التسجيلة. 80094)
[ عرض عادي ]
| 000 -الفاتح | |
|---|---|
| عناصر البيانات ثابتة الطول | 00803cam a2200205 i 4500 |
| 005 - تاريخ ووقت آخر معاملة | |
| حقل ضبط | 20260202115355.0 |
| 008 - عناصر البيانات ثابتة الطول | |
| عناصر البيانات ثابتة الطول | 250721q9999 ua gr 000 0 ara d |
| 082 14 - رقم تصنيف ديوي العشري | |
| رقم التصنيف | 371.27 |
| رقم المادة | ط ي ب |
| 100 1# - مدخل رئيسي – اسم شخصي | |
| الاسم الشخصي | طيب، أحمد محمد |
| علاقة الشخص بالعمل/ دوره | مؤلف. |
| 245 12 - بيان العنوان | |
| العنوان | التقويم والقياس النفسي والتربوي / |
| بيان المسؤولية | تأليف الدكتور أحمد محمد الخطيب. |
| 250 ## - بيان الطبعة | |
| بيان الطبعة | الطبعة الأولى. |
| 264 31 - بيانات النشر، التوزيع…إلخ | |
| مكان النشر، التوزيع...إلخ | الإسكندرية : |
| اسم الناشر، الموزع...إلخ | المكتب الجامعي الحديث، |
| تاريخ النشر، التوزيع...إلخ | [بين 1999و2002]. |
| 300 ## - الوصف المادي | |
| عدد الوحدات المكونة للوعاء | 296 صفحة. |
| 650 17 - مدخل إضافي بالموضوع - مصطلح موضوعي | |
| مصطلح موضوعي أو اسم جغرافي كعنصر مدخل | قياس التحصيل. |
| 650 17 - مدخل إضافي بالموضوع - مصطلح موضوعي | |
| مصطلح موضوعي أو اسم جغرافي كعنصر مدخل | الإختبارات و القياساتالتربوية. |
| 650 17 - مدخل إضافي بالموضوع - مصطلح موضوعي | |
| مصطلح موضوعي أو اسم جغرافي كعنصر مدخل | التقيم. |
| 650 17 - مدخل إضافي بالموضوع - مصطلح موضوعي | |
| مصطلح موضوعي أو اسم جغرافي كعنصر مدخل | أساليب التقيم. |
| 942 ## - بيانات إضافية (كوها) | |
| نوع التنصيف | Dewey Decimal Classification |
| نوع المادة (كوها) | كتب |
| حالة السحب | حالة الفقدان | مصدر التصنيف | حالة التلف | غير قابل للإعارة | المكتبة الرئيسية | المكتبة الحالية | تاريخ التزويد | الرقم المتسلسل | Total Checkouts | رقم الإستدعاء | الباركود | تاريخ آخر ظهور | تاريخ الفاتورة | نوع المادة (كوها) |
|---|---|---|---|---|---|---|---|---|---|---|---|---|---|---|
| Dewey Decimal Classification | المكتبة المركزية | المكتبة المركزية | 28/07/2025 | 1628032 | 371.27 / ط ي ب | PLD00394343 | 28/07/2025 | 28/07/2025 | كتب |